| 000 | 00779nam a2200217Ia 4500 | ||
|---|---|---|---|
| 003 | OSt | ||
| 005 | 20250106104021.0 | ||
| 008 | 210716s2010 xx 000 0 und d | ||
| 020 | _a9788184870831 | ||
| 040 | _cAIMIT LIBRARY | ||
| 041 | _aeng | ||
| 082 |
_a001.0720063 _21 _bBHAP |
||
| 245 |
_aPrinciples construction and application of multilingual wordnets : _bproceeding of the 5th global wordnet conference / _cEdited by Pushpak Bhattacharyya, Christiane Fellbaum and Piek Vossen. |
||
| 250 | _a1st ed. | ||
| 260 |
_aNew Delhi : _bNarosa Publishing House , _c2010. |
||
| 300 |
_axi,364p. ; _bHB _c29.5 cm |
||
| 650 |
_aWhy wikipedia needs to make friends with wordnet _9192173 |
||
| 650 |
_aVerbs _9192174 |
||
| 700 |
_aBhattacharyya, Pushpak _9192175 |
||
| 942 |
_2ddc _cBK |
||
| 999 |
_c194786 _d194786 |
||